What Is Shariah (Record no. 10682)

MARC details
000 -LEADER
fixed length control field 00570nam a2200241 a 4500
020 ## - INTERNATIONAL STANDARD BOOK NUMBER
ISBN
082 00 - DEWEY DECIMAL CLASSIFICATION NUMBER
Classification number 340.59
Author Cutter AJI
100 ## - MAIN ENTRY--AUTHOR NAME
Author name Ajijola, A D
245 ## - TITLE STATEMENT
Title What Is Shariah
260 ## - PUBLICATION, DISTRIBUTION, ETC. (IMPRINT)
Place of publication Delhi
Name of publisher Adam Publishers
Year of publication 1998
300 ## - PHYSICAL DESCRIPTION
Number of Pages 370
500 ## - GENERAL NOTE
General note includes index and biblioraphy
505 2# - FORMATTED CONTENTS NOTE
Formatted contents note Notes, Bibliography, Index
650 ## - SUBJECT ADDED ENTRY--TOPICAL TERM
Topical Term Islamic-Law
942 ## - ADDED ENTRY ELEMENTS (KOHA)
Koha item type Books
700 1# -
-- Ajijola, A D
Holdings
Collection code Home library Current library Date acquired Cost, normal purchase price Full call number Accession Number Koha item type
  Henry Martyn Institute Library Henry Martyn Institute Library 05/02/2007 250.00 340.59 AJI 018499 Books
                   Copyright © 2026 | Henry Martyn Institute | Hyderabad | TS-500052 | INDIA | Implemented by hmi.edu.in
Hit-Count:

Powered by Koha